Catálogo

Las oraciones católicas mas bellas del mundo / (Registro nro. 10196)

Detalles MARC
000 -LEADER
fixed length control field 01049cam a2200313 i 4500
001 - CONTROL NUMBER
control field 10196
003 - CONTROL NUMBER IDENTIFIER
control field Mx-PuUPA
005 - DATE AND TIME OF LATEST TRANSACTION
control field 20260204085730.0
008 - FIXED-LENGTH DATA ELEMENTS--GENERAL INFORMATION
fixed length control field 140415s1991 mx gr 000 0 spa d
020 ## - INTERNATIONAL STANDARD BOOK NUMBER
International Standard Book Number 9684760388
040 ## - CATALOGING SOURCE
Original cataloging agency Mx-PuUPA
Language of cataloging spa
Transcribing agency Mx-PuUPA
Modifying agency Mx-PuUPA
Description conventions rda
041 0# - LANGUAGE CODE
Language code of text/sound track or separate title spa
245 10 - TITLE STATEMENT
Title Las oraciones católicas mas bellas del mundo /
Statement of responsibility, etc. Distribuciones Fontamara, editor
250 ## - EDITION STATEMENT
Edition statement Cuarta edición
264 #1 - PRODUCTION, PUBLICATION, DISTRIBUTION, MANUFACTURE, AND COPYRIGHT NOTICE
Place of production, publication, distribution, manufacture México, D.F.:
Name of producer, publisher, distributor, manufacturer Distribuciones Fontamara,
Date of production, publication, distribution, manufacture, or copyright notice 1991
300 ## - PHYSICAL DESCRIPTION
Extent 93 páginas ;
Dimensions 21 cm
336 ## - CONTENT TYPE
Fuente rdacontent
Content type term texto
Content type code txt
337 ## - MEDIA TYPE
Source rdamedia
Media type term sin medio
Media type code n
338 ## - CARRIER TYPE
Source rdacarrier
Carrier type term volumen
Carrier type code nc
490 0# - SERIES STATEMENT
Series statement Colección Fontamara ;
Volume/sequential designation 32
650 #7 - SUBJECT ADDED ENTRY--TOPICAL TERM
Source of heading or term armarc
9 (RLIN) 13986
Topical term or geographic name entry element Iglesia Católica
650 #7 - SUBJECT ADDED ENTRY--TOPICAL TERM
Source of heading or term armarc
Topical term or geographic name entry element Iglesia Católica
General subdivision Oraciones y devociones
650 #7 - SUBJECT ADDED ENTRY--TOPICAL TERM
Source of heading or term armarc
Topical term or geographic name entry element Oraciones y devociones
650 #7 - SUBJECT ADDED ENTRY--TOPICAL TERM
Source of heading or term armarc
Topical term or geographic name entry element Iglesia Católica
General subdivision Devociones
710 1# - ADDED ENTRY--CORPORATE NAME
Corporate name or jurisdiction name as entry element Distribuciones Fontamara
Relator term editor
942 ## - ADDED ENTRY ELEMENTS (KOHA)
Source of classification or shelving scheme Dewey Decimal Classification
Koha item type Libro
Classification part 248.32
Item part L33
Existencias
Withdrawn status Lost status Source of classification or shelving scheme Damaged status Not for loan Collection code Home library Current library Shelving location Date acquired Source of acquisition Total Checkouts Full call number Barcode Date last seen Price effective from Koha item type
    Dewey Decimal Classification     General Centro de Estudios Guadalupanos Centro de Estudios Guadalupanos Sala general 24/01/2026 Compra   248.32 L33 1991 92833 24/01/2026 24/01/2026 Libro